Cẩm nang Java; T2

Uloženo v:
Podrobná bibliografie
Hlavní autor: Nguyễn Văn Hoàng
Médium: Kniha
Jazyk:Undetermined
Vydáno: H. Thống Kê 2001
Témata:
Tagy: Přidat tag
Žádné tagy, Buďte první, kdo otaguje tento záznam!
Thư viện lưu trữ: Trung tâm Học liệu Trường Đại học Cần Thơ
LEADER 00496nam a2200181Ia 4500
001 CTU_52989
008 210402s9999 xx 000 0 und d
020 |b 87000 
082 |a 005.133 
082 |b H407/T2 
100 |a Nguyễn Văn Hoàng 
245 0 |a Cẩm nang Java; T2 
245 0 |c Nguyễn Văn Hoàng 
260 |a H. 
260 |b Thống Kê 
260 |c 2001 
650 |a java ( computer program language ) 
980 |a Trung tâm Học liệu Trường Đại học Cần Thơ